Možnosti objektivizácie záverov analýzy finančných výsledkov podnikov

Metódy objektívnych záverov finančných výsledkov spoločnosti. Finančné výsledky spoločností uverejnené v účtovnej závierke poskytujú rozmanité informácie o zručnostiach, spôsobilostiach, obmedzeniach a možných chybách vo svojom finančnom hospodárení do vonkajšieho prostredia. Objektivizácia záverov...

Descripción completa

Guardado en:
Detalles Bibliográficos
Autor principal: Tóthová, Alena, 1968-
Formato: Capítulo de libro
Lenguaje:eslovaco
Materias:
Etiquetas: Agregar Etiqueta
Sin Etiquetas, Sea el primero en etiquetar este registro!

MARC

LEADER 00000nla a2200000 4500
001 0238350
005 20240502073845.4
041 0 |a slo 
044 |a SK 
245 1 0 |a Možnosti objektivizácie záverov analýzy finančných výsledkov podnikov  |c Alena Tóthová 
520 |a Metódy objektívnych záverov finančných výsledkov spoločnosti. Finančné výsledky spoločností uverejnené v účtovnej závierke poskytujú rozmanité informácie o zručnostiach, spôsobilostiach, obmedzeniach a možných chybách vo svojom finančnom hospodárení do vonkajšieho prostredia. Objektivizácia záverov by mala zabrániť skresleniu výsledkov o finančnom stave spoločnosti. 
610 2 0 |a analýza finančná 
610 2 0 |a podnik 
610 2 0 |a metódy optimalizačné 
610 2 0 |a výsledok hospodársky 
610 2 0 |a štatistika aplikovaná 
610 2 0 |a účtovníctvo kreatívne 
100 1 |a Tóthová, Alena, 1968-